Luz sin problemas. modelo atómico : Introducción a la espectropía /

Guardado en:
Autor Corporativo: Videoteca CEA.
Formato: Deslizar
Series:El circo de la física
Materias:
LUZ
Etiquetas: Agregar Etiqueta
Sin Etiquetas, Sea el primero en etiquetar este registro!
LEADER 00962ngm a22002895g 4500
001 CEM.cems021797
008 130507b1993##################0###0#####d
005 20240913134058.0
245 1 0 |a Luz sin problemas. modelo atómico :  |b Introducción a la espectropía /  |c Videoteca CEA. 
300 |a 15 
490 0 |a El circo de la física 
500 |a En soporte VHS, consultar en ventanilla. 
505 0 |a Luz química. El átomo. Sales: su color. Saltos de electrones. Luz ultravioleta. Blanqueadores. 
538 |a Soporte: VHS - Norma: Pal N - Color - Grabación DRD 1993 - Hitachi=50 
110 2 |a Videoteca CEA. 
082 5 3 |/ CEA-1 
653 |a FISICA 
653 |a LUZ 
653 |a ATOMO 
653 |a ELECTRONES 
653 |a QUIMICA 
653 |a SALES 
653 |a LUZ QUIMICA 
653 |a LUZ ULTRAVIOLETA 
653 |a NIVEL PRIMARIO 
653 |a NIVEL SECUNDARIO 
859 |a CEMS  |b BIB. CEMS - Depto. Recursos Didacticos  |h 530  |i CEA-1  |k DRD  |p 440.12  |t Ej.1